[Event "SVK-chT2A 0809"]
[Site "Slovakia"]
[Date "2009.01.10"]
[Round "7.5"]
[White "Pekar, Jozef"]
[Black "Bury, Rastislav"]
[Result "0-1"]
[WhiteElo "1907"]
[BlackElo "2088"]
[PlyCount "44"]
[EventDate "2008.10.11"]
[EventType "team-tourn"]
[EventRounds "11"]
[EventCountry "SVK"]
[SourceTitle "EXT 2010"]
[Source "ChessBase"]
[SourceDate "2010.11.25"]
[SourceVersion "1"]
[SourceVersionDate "2010.11.25"]
[SourceQuality "1"]
[WhiteTeam "Pezinok KS"]
[BlackTeam "Bratislava Slavia STU"]
[WhiteTeamCountry "SVK"]
[BlackTeamCountry "SVK"]

1. e4 c5 2. Nf3 d6 3. d4 cxd4 4. Nxd4 Nf6 5. Nc3 a6 6. Be2 e5 7. Nb3 Be6 8. Be3 Be7 9. Nd5 Bxd5 10. exd5 Nbd7 11. Qd2 0-0 12. 0-0-0 Rc8 13. f4 Qc7 14. g4 Nxd5 15. Bd3 exf4 16. Bxf4 Ne5 17. Bxe5 dxe5 18. Bf5 Rcd8 19. Kb1 g6 20. Qh6 Rd6 21. Be4 Rfd8 22. h4 Nc3+ 0-1

[Event "SVK-chT2A 0708"]
[Site "Slovakia"]
[Date "2008.03.09"]
[Round "11.8"]
[White "Sosovicka, Matej"]
[Black "Pekar, Jozef"]
[Result "0-1"]
[WhiteElo "1899"]
[BlackElo "1881"]
[PlyCount "92"]
[EventDate "2007.10.06"]
[EventType "team-tourn"]
[EventRounds "11"]
[EventCountry "SVK"]
[SourceTitle "EXT 2010"]
[Source "ChessBase"]
[SourceDate "2010.11.25"]
[SourceVersion "1"]
[SourceVersionDate "2010.11.25"]
[SourceQuality "1"]
[WhiteTeam "Devinska Nova Ves"]
[BlackTeam "Pezinok KS"]
[WhiteTeamCountry "SVK"]
[BlackTeamCountry "SVK"]

1. e4 c6 2. d4 d5 3. Nc3 g6 4. Nf3 Bg4 5. Be2 Bg7 6. Be3 h5 7. Qd2 Nh6 8. 0-0-0 dxe4 9. Nxe4 Nf5 10. Bf4 Bxf3 11. Bxf3 Qxd4 12. Qxd4 Nxd4 13. Rhe1 0-0 14. Bxb8 Nxf3 15. gxf3 Rfxb8 16. Rd7 e6 17. Red1 b6 18. Re7 Rd8 19. Rdd7 Rxd7 20. Rxd7 a6 21. Rb7 Rd8 22. c3 f5 23. Ng5 Bh6 24. f4 e5 25. Kc2 Re8 26. Rxb6 exf4 27. Rxc6 Kg7 28. Ne6+ Kf7 29. Nd4 a5 30. f3 Bg7 31. Kd3 Re3+ 32. Kd2 Bxd4 33. cxd4 Rxf3 34. Ke2 Rh3 35. Ra6 Rxh2+ 36. Kf3 Rxb2 37. Rxa5 Rb4 38. d5 Rd4 39. a4 g5 40. Ra7+ Kf6 41. Ra8 g4+ 42. Kf2 Rxd5 43. a5 Kg5 44. a6 Kh4 45. a7 Rd2+ 46. Ke1 Ra2 0-1

[Event "SVK-Cup14 sf7 corr"]
[Site "Slovakia"]
[Date "2005.??.??"]
[Round "?"]
[White "Pekar, Jozef"]
[Black "Jony, Frantisek"]
[Result "1/2-1/2"]
[WhiteElo "1937"]
[BlackElo "2069"]
[PlyCount "68"]
[EventDate "2005.04.01"]
[EventType "tourn (corr)"]
[EventRounds "6"]
[EventCountry "SVK"]
[SourceTitle "Corr 2008"]
[Source "ChessBase"]
[SourceDate "2008.06.24"]
[SourceVersion "1"]
[SourceVersionDate "2008.06.24"]
[SourceQuality "1"]

1. e4 e5 2. Nf3 Nf6 3. d4 exd4 4. e5 Ne4 5. Qxd4 d5 6. exd6 Nxd6 7. Nc3 Nc6 8. Qf4 Bf5 9. Bb5 Qe7+ 10. Be3 Nxb5 11. Nxb5 Qb4+ 12. Qxb4 Bxb4+ 13. c3 Ba5 14. b4 Bd3 15. a4 a6 16. Nbd4 Bb6 17. Nxc6 bxc6 18. Bxb6 cxb6 19. 0-0-0 0-0-0 20. Ne5 Be4 21. Nxf7 Bxg2 22. Rxd8+ Rxd8 23. Nxd8 Bxh1 24. Ne6 g6 25. Nf8 Kc7 26. Kd2 c5 27. Nxh7 cxb4 28. cxb4 a5 29. Kc3 axb4+ 30. Kxb4 Bc6 31. Ng5 Kd6 32. Nf7+ Kd5 33. Nh8 Be8 34. Nxg6 Bxg6 1/2-1/2

[Event "SVK-Cup14 sf7 corr"]
[Site "Slovakia"]
[Date "2005.??.??"]
[Round "?"]
[White "Pekar, Jozef"]
[Black "Krakovsky, Peter"]
[Result "0-1"]
[WhiteElo "1937"]
[BlackElo "1991"]
[PlyCount "86"]
[EventDate "2005.04.01"]
[EventType "tourn (corr)"]
[EventRounds "6"]
[EventCountry "SVK"]
[SourceTitle "Corr 2008"]
[Source "ChessBase"]
[SourceDate "2008.06.24"]
[SourceVersion "1"]
[SourceVersionDate "2008.06.24"]
[SourceQuality "1"]

1. e4 e5 2. Nf3 Nc6 3. Bb5 a6 4. Ba4 Nf6 5. 0-0 Bc5 6. c3 b5 7. Bb3 d6 8. a4 Bg4 9. d3 h6 10. Be3 0-0 11. h3 Bh5 12. Nbd2 Bxe3 13. fxe3 Na5 14. Ba2 c5 15. Qc2 Nc6 16. Nh4 Ne7 17. axb5 axb5 18. Ndf3 Bxf3 19. Nxf3 Qb6 20. Kh2 Ra5 21. d4 Qc7 22. Rfc1 c4 23. b4 Ra3 24. Bxc4 Rxa1 25. Bxf7+ Kxf7 26. Rxa1 Rc8 27. Ra3 Kf8 28. dxe5 dxe5 29. Qd3 Qc6 30. Ra5 Rb8 31. Nd2 Kg8 32. Ra7 Nc8 33. Qd8+ Qe8 34. Qxe8+ Nxe8 35. Rd7 Ned6 36. g4 Ra8 37. Nf3 Nxe4 38. Nxe5 Nb6 39. Rd3 Na4 40. c4 Re8 41. Nc6 bxc4 42. Ra3 Nb6 43. b5 c3 0-1

[Event "SVK-ch qf 36th corr"]
[Site "Slovakia"]
[Date "2004.??.??"]
[Round "?"]
[White "Michalek, Michal"]
[Black "Pekar, Jozef"]
[Result "1-0"]
[WhiteElo "1988"]
[BlackElo "1937"]
[PlyCount "75"]
[EventDate "2004.07.12"]
[EventType "tourn (corr)"]
[EventRounds "6"]
[EventCountry "SVK"]
[SourceTitle "Corr 2008"]
[Source "ChessBase"]
[SourceDate "2008.06.24"]
[SourceVersion "1"]
[SourceVersionDate "2008.06.24"]
[SourceQuality "1"]

1. d4 e6 2. e4 d5 3. e5 c5 4. c3 Nc6 5. Nf3 Qb6 6. Be2 cxd4 7. cxd4 Nh6 8. Nc3 Nf5 9. Na4 Qa5+ 10. Bd2 Bb4 11. Bc3 Bxc3+ 12. Nxc3 Qb4 13. a3 Qe7 14. 0-0 0-0 15. Bd3 Nh4 16. Nxh4 Qxh4 17. f4 Nxd4 18. Bxh7+ Qxh7 19. Qxd4 Qh4 20. Nb5 b6 21. Rfc1 Rd8 22. Rc3 Rd7 23. Nd6 Bb7 24. Rh3 Qg4 25. Qd3 Qg6 26. f5 exf5 27. Rh4 Rxd6 28. Qh3 Kf8 29. exd6 Qxd6 30. Re1 Qc5+ 31. Kh1 g6 32. Rh8+ Kg7 33. Rh7+ Kg8 34. Re8+ Rxe8 35. Rh8+ Kg7 36. Qh6+ Kf6 37. Rxe8 Qf2 38. h4 1-0

[Event "SVK-Cup13 G1 corr"]
[Site "Slovakia"]
[Date "2002.09.24"]
[Round "?"]
[White "Kupec, Miroslav"]
[Black "Pekar, Jozef"]
[Result "1-0"]
[WhiteElo "2109"]
[BlackElo "1927"]
[PlyCount "55"]
[EventDate "2002.??.??"]
[EventType "tourn (corr)"]
[EventRounds "12"]
[EventCountry "SVK"]
[SourceTitle "Corr 2004"]
[Source "ChessBase"]
[SourceDate "2003.04.28"]
[SourceVersion "3"]
[SourceVersionDate "2003.04.28"]
[SourceQuality "1"]

1. e4 e6 2. d4 d5 3. Nc3 Nf6 4. e5 Nfd7 5. f4 c5 6. Nf3 Nc6 7. Be3 a6 8. a3 cxd4 9. Nxd4 Qc7 10. Qd2 b5 11. Be2 b4 12. axb4 Bxb4 13. 0-0 Bb7 14. Bd3 Nc5 15. Qf2 Nxd3 16. cxd3 0-0 17. Rfc1 Bxc3 18. Rxc3 Qd7 19. Nb3 f6 20. Nc5 Qe7 21. Nxb7 Qxb7 22. Rac1 Rac8 23. exf6 gxf6 24. Qg3+ Kh8 25. Qh4 Ne7 26. Rxc8 Nxc8 27. Bd4 Kg7 28. Qg5+ 1-0

[Event "SVK-ch I/141 corr"]
[Site "Slovakia"]
[Date "2002.??.??"]
[Round "?"]
[White "Kaminsky, Ladislav"]
[Black "Pekar, Jozef"]
[Result "1-0"]
[WhiteElo "1805"]
[BlackElo "1856"]
[PlyCount "83"]
[EventDate "2002.12.15"]
[EventType "tourn (corr)"]
[EventRounds "12"]
[EventCountry "SVK"]
[SourceTitle "Corr 2008"]
[Source "ChessBase"]
[SourceDate "2008.06.24"]
[SourceVersion "1"]
[SourceVersionDate "2008.06.24"]
[SourceQuality "1"]

1. Nf3 c5 2. c4 Nc6 3. b3 Nf6 4. Bb2 e6 5. e3 Be7 6. Be2 0-0 7. 0-0 b6 8. d4 cxd4 9. Nxd4 Bb7 10. Bf3 Qb8 11. Nc3 Nxd4 12. Bxb7 Qxb7 13. Qxd4 Bc5 14. Qh4 d5 15. cxd5 Nxd5 16. Nxd5 exd5 17. Rfd1 Rad8 18. Rd3 f5 19. Rad1 Qf7 20. Qg3 Be7 21. Qf3 g6 22. Rxd5 Rxd5 23. Qxd5 Qxd5 24. Rxd5 Rd8 25. Rxd8+ Bxd8 26. Kf1 Kf7 27. Ke2 Ke6 28. Kd3 b5 29. e4 a6 30. f3 h5 31. Bc1 Bf6 32. Be3 Be5 33. h3 Bb2 34. a4 Ke5 35. exf5 gxf5 36. g4 hxg4 37. hxg4 fxg4 38. fxg4 bxa4 39. bxa4 Kd5 40. g5 Be5 41. Bd2 Kc5 42. Ke4 1-0

[Event "SVK-ch I/141 corr"]
[Site "Slovakia"]
[Date "2002.??.??"]
[Round "?"]
[White "Pekar, Jozef"]
[Black "Kaminsky, Ladislav"]
[Result "1-0"]
[WhiteElo "1856"]
[BlackElo "1805"]
[PlyCount "53"]
[EventDate "2002.12.15"]
[EventType "tourn (corr)"]
[EventRounds "12"]
[EventCountry "SVK"]
[SourceTitle "Corr 2008"]
[Source "ChessBase"]
[SourceDate "2008.06.24"]
[SourceVersion "1"]
[SourceVersionDate "2008.06.24"]
[SourceQuality "1"]

1. e4 e5 2. Nf3 Nc6 3. Bb5 f5 4. Nc3 Nf6 5. exf5 e4 6. Ng5 d5 7. Ne6 Bxe6 8. fxe6 Bb4 9. d4 Qd6 10. e7 Kf7 11. 0-0 Nxe7 12. f3 exf3 13. Qxf3 Rhf8 14. Ne2 Kg8 15. c3 Qb6 16. Bd3 Bd6 17. Nf4 c5 18. dxc5 Bxc5+ 19. Kh1 Rae8 20. b4 Bd6 21. Ne6 Rf7 22. Be3 Qc6 23. Bd4 Bb8 24. Ng5 Rff8 25. Qh3 h6 26. Ne6 Rf7 27. Rae1 1-0